[Event "Mercredi 2016.02.17 ABCD"]
[Site "Montreal CAN"]
[Date "2016.03.16"]
[Round "5"]
[White "Gauthier, Luc"]
[Black "Nesterov, Timour"]
[Result "1-0"]
[WhiteElo "1759"]
[BlackElo "1715"]
[PlyCount "57"]
[EventDate "2016.02.17"]
[EventType "tourn"]
[EventRounds "5"]
[EventCountry "CAN"]

1. e4 e5 2. f4 exf4 3. Nf3 d5 4. exd5 Qxd5 5. Nc3 Qh5 6. d4 g5 7. Bc4 Bg4 8.
O-O Nc6 9. Qe1+ Be7 10. Ne5 Nxe5 11. Qxe5 O-O-O 12. Nb5 Kb8 13. Qxc7+ Ka8 14.
Qe5 a6 15. Nc7+ Ka7 16. Qa5 Bc8 17. Nb5+ Kb8 18. Qc7+ Ka8 19. Nd6 Rxd6 20.
Qxc8+ Ka7 21. Qc5+ Kb8 22. Bxf4 Qh6 23. Bg3 Ka8 24. Qc8+ Ka7 25. Bxd6 Bxd6 26.
h3 Qh4 27. Qg4 Qh6 28. Rxf7 Nf6 29. Qf3 1-0

[Event "Mercredi 2016.02.17 ABCD"]
[Site "Montreal CAN"]
[Date "2016.03.16"]
[Round "5"]
[White "Gelet, Seymour"]
[Black "Jacquet, Stephane"]
[Result "1-0"]
[WhiteElo "2066"]
[BlackElo "2060"]
[PlyCount "105"]
[EventDate "2016.02.17"]
[EventType "tourn"]
[EventRounds "5"]
[EventCountry "CAN"]

1. d4 Nf6 2. c4 e6 3. Nf3 b6 4. Bg5 Bb7 5. e3 Be7 6. Bd3 c5 7. O-O O-O 8. Nc3
d5 9. dxc5 dxc4 10. Bxc4 Qc7 11. b4 Na6 12. a3 bxc5 13. b5 Rad8 14. Qe2 Nb8 15.
e4 Nbd7 16. Rfe1 Ne5 17. Rad1 Nxf3+ 18. Qxf3 Rd4 19. Ba2 Rfd8 20. Bb1 Qe5 21.
Bf4 Rxd1 22. Nxd1 Qd4 23. Nc3 c4 24. Rd1 Qb6 25. a4 Bb4 26. Be3 Qc7 27. Rxd8+
Qxd8 28. Qd1 Qxd1+ 29. Nxd1 a5 30. f3 Nd7 31. Bd4 Bc5 32. Be3 Kf8 33. Bc2 Ke7
34. Bxc5+ Nxc5 35. Ne3 c3 36. Kf2 e5 37. Nc4 Ne6 38. Nxa5 Ba8 39. Ke3 Nc5 40.
Nc4 f6 41. Na3 Kd6 42. Nb1 Ne6 43. Nxc3 Kc5 44. Bb3 Nd4 45. Bd5 Bxd5 46. Nxd5
Kc4 47. b6 Nc6 48. b7 Nb8 49. g4 Kb3 50. Kd3 Kxa4 51. Kc4 Na6 52. Nb6+ Ka5 53.
Nd7 1-0

[Event "Mercredi 2016.02.17 ABCD"]
[Site "Montreal CAN"]
[Date "2016.03.16"]
[Round "5"]
[White "Jean, Robert"]
[Black "Gates, Claude-Eric"]
[Result "1/2-1/2"]
[WhiteElo "1715"]
[BlackElo "1772"]
[PlyCount "58"]
[EventDate "2016.02.17"]
[EventType "tourn"]
[EventRounds "5"]
[EventCountry "CAN"]

1. d4 d5 2. c4 e5 3. cxd5 Qxd5 4. e3 exd4 5. exd4 Nc6 6. Be3 Nf6 7. Nc3 Bb4 8.
Nf3 Bg4 9. Be2 Ne4 10. Bd2 Bxc3 11. bxc3 O-O 12. O-O Rad8 13. h3 Bh5 14. c4 Qd7
15. d5 Nxd2 16. Qxd2 Rfe8 17. Qb2 Bxf3 18. Bxf3 Ne5 19. Be2 b6 20. Rfe1 Qf5 21.
Rad1 Qg5 22. Qc3 Nd7 23. Bf1 Nc5 24. Rxe8+ Rxe8 25. Bd3 Qe5 26. Qc2 h6 27. Rd2
Qe1+ 28. Kh2 Qe5+ 29. g3 Kf8 1/2-1/2

[Event "Mercredi 2016.02.17 ABCD"]
[Site "Montreal CAN"]
[Date "2016.03.16"]
[Round "5"]
[White "Langlois-Remillard, Alexis"]
[Black "Beaulieu, Pierre"]
[Result "1-0"]
[WhiteElo "1891"]
[BlackElo "1816"]
[PlyCount "111"]
[EventDate "2016.02.17"]
[EventType "tourn"]
[EventRounds "5"]
[EventCountry "CAN"]

1. d4 Nf6 2. Nf3 g6 3. g3 Bg7 4. Bg2 d6 5. c4 Nbd7 6. Nc3 O-O 7. O-O a5 8. Bf4
c5 9. d5 Nh5 10. Qd2 Nb6 11. b3 Nxf4 12. gxf4 a4 13. e4 Bg4 14. Rae1 Qc8 15. e5
Bh3 16. e6 Bxg2 17. Kxg2 fxe6 18. Rxe6 axb3 19. axb3 Bxc3 20. Qxc3 Qe8 21. Rfe1
Nc8 22. R1e4 Rf7 23. Ng5 Rg7 24. Re2 Qf8 25. R6e4 Qf5 26. Ne6 Rf7 27. h3 b6 28.
Nd8 Rg7 29. Nc6 Qf8 30. Qe1 h5 31. Nxe7+ Nxe7 32. Rxe7 Rxe7 33. Rxe7 Qxf4 34.
Qe6+ Kf8 35. Rd7 Qg5+ 36. Kf3 Qf5+ 37. Qxf5+ gxf5 38. Rxd6 Rb8 39. Kf4 Kg7 40.
Kg5 b5 41. Rd7+ Kf8 42. Rc7 bxc4 43. bxc4 Rb2 44. f4 Rh2 45. Kxf5 Rxh3 46. Rxc5
Rg3 47. Kf6 Ke8 48. d6 h4 49. Rh5 Kd7 50. c5 h3 51. Rh7+ Kc8 52. c6 Kb8 53. c7+
Kb7 54. Rh8 Rc3 55. Rb8+ Ka7 56. c8=Q 1-0

[Event "Mercredi 2016.02.17 ABCD"]
[Site "Montreal CAN"]
[Date "2016.03.16"]
[Round "5"]
[White "Lessard, Sylvain"]
[Black "Nardone, Raul"]
[Result "1-0"]
[WhiteElo "1785"]
[BlackElo "1815"]
[PlyCount "47"]
[EventDate "2016.02.17"]
[EventType "tourn"]
[EventRounds "5"]
[EventCountry "CAN"]

1. c4 Nf6 2. Nc3 e5 3. Nf3 Nc6 4. d4 exd4 5. Nxd4 Be7 6. g3 O-O 7. Bg2 Ne5 8.
b3 Re8 9. Bb2 Bb4 10. O-O Rb8 11. h3 b6 12. f4 Ng6 13. Qd3 Ba6 14. e4 Kh8 15.
e5 Ng8 16. Nd5 Bc5 17. Kh2 c6 18. Nc3 b5 19. cxb5 cxb5 20. Ne4 Be7 21. Nf5 Bf8
22. Ng5 Re7 23. Nxe7 Qxe7 24. Qd6 1-0

[Event "Mercredi 2016.02.17 ABCD"]
[Site "Montreal CAN"]
[Date "2016.03.16"]
[Round "5"]
[White "Struben, Jeroen"]
[Black "Cloutier, Mathieu"]
[Result "0-1"]
[WhiteElo "1828"]
[BlackElo "2056"]
[PlyCount "104"]
[EventDate "2016.02.17"]
[EventType "tourn"]
[EventRounds "5"]
[EventCountry "CAN"]

1. d4 Nf6 2. c4 c5 3. d5 e6 4. Nc3 exd5 5. cxd5 d6 6. g3 g6 7. Bg2 Bg7 8. Nf3
O-O 9. O-O a6 10. a4 Re8 11. Nd2 Nbd7 12. h3 b6 13. Nc4 Ne5 14. Na3 Nh5 15. Ne4
f5 16. Ng5 Rb8 17. f4 Nf7 18. Qb3 Nxg5 19. fxg5 Rxe2 20. Qf3 Bd4+ 21. Kh2 Re7
22. Nc4 b5 23. axb5 axb5 24. Na5 Bd7 25. Nc6 Bxc6 26. dxc6 Qc7 27. Bd2 b4 28.
Ra6 Be5 29. Bf4 Nxf4 30. gxf4 Bd4 31. Rfa1 Kh8 32. Ra7 Qd8 33. Rb7 Rc7 34. Raa7
Rbc8 35. Qe2 c4 36. Rxc7 Rxc7 37. Rxc7 Qxc7 38. Qe8+ Kg7 39. Qd7+ Qxd7 40. cxd7
Bb6 41. Bd5 c3 42. bxc3 bxc3 43. Bb3 d5 44. Kg2 d4 45. Kf3 Kf8 46. Ke2 Ke7 47.
Kd3 Kxd7 48. Bg8 Ke7 49. Bb3 Kf8 50. Ke2 Bc7 51. Kf3 d3 52. Ke3 c2 0-1

[Event "Mercredi 2016.02.17 ABCD"]
[Site "Montreal CAN"]
[Date "2016.03.16"]
[Round "5"]
[White "Zumsteg, Nicolas"]
[Black "Brassard, Sylvain"]
[Result "1-0"]
[WhiteElo "1800"]
[BlackElo "1814"]
[PlyCount "53"]
[EventDate "2016.02.17"]
[EventType "tourn"]
[EventRounds "5"]
[EventCountry "CAN"]

1. e4 Nf6 2. e5 Nd5 3. d4 d6 4. Nf3 dxe5 5. Nxe5 c6 6. c4 Nb4 7. a3 Qxd4 8.
axb4 Qxe5+ 9. Be2 Bf5 10. O-O e6 11. c5 Be7 12. Nd2 O-O 13. Nc4 Qe4 14. Nb6
axb6 15. Rxa8 Rd8 16. Qxd8+ Bxd8 17. Rxb8 Kf8 18. Rxd8+ Ke7 19. Bf3 Qxb4 20.
Rfd1 h6 21. R8d7+ Kf6 22. Rxb7 Bc2 23. Rxb6 Qxc5 24. Be3 Qa5 25. Rc1 c5 26. Rc6
Qb4 27. Rxc5 1-0

[Event "Mercredi 2016.03.30 ABCD"]
[Site "Montreal CAN"]
[Date "2016.03.30"]
[Round "1"]
[White "Boudreau, Daniel"]
[Black "Lebeau, Gilbert"]
[Result "1-0"]
[WhiteElo "2109"]
[BlackElo "2061"]
[PlyCount "77"]
[EventDate "2016.03.30"]
[EventType "tourn"]
[EventRounds "5"]
[EventCountry "CAN"]

1. e4 e6 2. d4 d5 3. e5 c5 4. c3 Nc6 5. Nf3 Qb6 6. Be2 Bd7 7. O-O Nh6 8. dxc5
Bxc5 9. b4 Be7 10. Bf4 O-O 11. Nbd2 f6 12. exf6 Bxf6 13. Bxh6 gxh6 14. Rc1 Rac8
15. Nb3 Ne5 16. Nc5 Nxf3+ 17. Bxf3 Bb5 18. Re1 Rxc5 19. bxc5 Qxc5 20. Rxe6 Bc4
21. Qc2 Qa5 22. Rd6 Qc7 23. Bxd5+ Kg7 24. Rxf6 Rxf6 25. Bxc4 Qxc4 26. Rd1 Rf7
27. Qd2 Rc7 28. Rb1 b5 29. g3 a6 30. Rb3 Rc6 31. Kg2 Qe4+ 32. Kg1 Rc4 33. Qe3
Qd5 34. Rb1 Qc6 35. Qe7+ Kg6 36. Re1 Qf3 37. Re6+ Kh5 38. Qe8+ Kg5 39. Re5+ 1-0

[Event "Mercredi 2016.03.30 ABCD"]
[Site "Montreal CAN"]
[Date "2016.03.30"]
[Round "1"]
[White "Gates, Claude-Eric"]
[Black "Millette, Sylvain"]
[Result "1-0"]
[WhiteElo "1794"]
[BlackElo "1711"]
[PlyCount "53"]
[EventDate "2016.03.30"]
[EventType "tourn"]
[EventRounds "5"]
[EventCountry "CAN"]

1. c4 Nf6 2. g3 g6 3. Bg2 d5 4. Nf3 Bg7 5. O-O O-O 6. cxd5 Nxd5 7. Nc3 c6 8.
Nxd5 Qxd5 9. d4 Qb5 10. b3 c5 11. Bb2 Rd8 12. Qc2 Bf5 13. e4 Bg4 14. d5 Bxb2
15. Qxb2 Nd7 16. Nd2 Be2 17. Rfe1 Rac8 18. a4 Qa6 19. Rac1 c4 20. bxc4 Bxc4 21.
Nxc4 Rxc4 22. Rxc4 Qxc4 23. Qxb7 Qxa4 24. Bf1 Rb8 25. Qc7 Rb2 26. Qc8+ Kg7 27.
Qc3+ 1-0

[Event "Mercredi 2016.03.30 ABCD"]
[Site "Montreal CAN"]
[Date "2016.03.30"]
[Round "1"]
[White "Have, Didier"]
[Black "Langlois-Remillard, Alexis"]
[Result "1-0"]
[WhiteElo "2044"]
[BlackElo "1909"]
[PlyCount "71"]
[EventDate "2016.03.30"]
[EventType "tourn"]
[EventRounds "5"]
[EventCountry "CAN"]

1. e4 e6 2. d4 d5 3. Be3 dxe4 4. Nd2 Nf6 5. f3 Nd5 6. Qe2 exf3 7. Ngxf3 b6 8.
Ne5 Bd6 9. O-O-O Bb7 10. Ndf3 Nd7 11. Qf2 f6 12. Nc4 O-O 13. Kb1 Re8 14. c3 Nf8
15. Bd3 Bf4 16. Bxf4 Nxf4 17. Bc2 Qd5 18. Ne3 Qa5 19. Nh4 Nd5 20. Rhf1 Nxe3 21.
Qxe3 Qh5 22. Qf2 Rad8 23. h3 e5 24. g4 Qf7 25. g5 Bd5 26. gxf6 Bxa2+ 27. Ka1 g6
28. Rg1 Bb3 29. Nf5 Kh8 30. Nh6 Qc4 31. Bxb3 Qxb3 32. Kb1 Rd6 33. Rde1 e4 34.
Qf4 Qc4 35. Re3 c5 36. Qxd6 1-0

[Event "Mercredi 2016.03.30 ABCD"]
[Site "Montreal CAN"]
[Date "2016.03.30"]
[Round "1"]
[White "Jacquet, Stephane"]
[Black "Heredia, Jose"]
[Result "1-0"]
[WhiteElo "2017"]
[BlackElo "1922"]
[PlyCount "65"]
[EventDate "2016.03.30"]
[EventType "tourn"]
[EventRounds "5"]
[EventCountry "CAN"]

1. d4 d5 2. c4 c6 3. Nc3 Nf6 4. Nf3 e6 5. cxd5 exd5 6. Qc2 g6 7. Bg5 Bg7 8. e3
Bf5 9. Qb3 Qc8 10. Rc1 Be6 11. Qa3 Bf8 12. b4 Nbd7 13. Qb3 a6 14. Bd3 Be7 15.
Bh6 Qd8 16. Na4 b5 17. Rxc6 bxa4 18. Qxa4 a5 19. b5 Nb6 20. Qc2 Bd7 21. Rc5 Ng4
22. Bf4 Bxc5 23. dxc5 Nc4 24. Bxc4 dxc4 25. Bd6 Be6 26. O-O Qd7 27. Qe4 Rc8 28.
h3 Nxf2 29. Rxf2 Qxb5 30. Ng5 Qd7 31. Qe5 Rg8 32. Nxh7 Kd8 33. Qg5+ 1-0

[Event "Mercredi 2016.03.30 ABCD"]
[Site "Montreal CAN"]
[Date "2016.03.30"]
[Round "1"]
[White "Johnson-Constantin, Matthieu"]
[Black "Blanchet, Robert"]
[Result "0-1"]
[WhiteElo "1848"]
[BlackElo "1820"]
[PlyCount "56"]
[EventDate "2016.03.30"]
[EventType "tourn"]
[EventRounds "5"]
[EventCountry "CAN"]

1. d4 Nf6 2. c4 g6 3. Nc3 d5 4. Bf4 Bg7 5. h3 O-O 6. Nf3 c6 7. e3 b6 8. Rc1 Bb7
9. cxd5 Nxd5 10. Nxd5 Qxd5 11. a3 Qa5+ 12. Rc3 c5 13. Ne5 cxd4 14. b4 Qd5 15.
Qxd4 Qa2 16. Qd1 Qe6 17. Rc7 Bxe5 18. Bxe5 Qxe5 19. Rxb7 Qc3+ 20. Qd2 Qa1+ 21.
Ke2 Nc6 22. b5 Rad8 23. bxc6 Rxd2+ 24. Kxd2 Rd8+ 25. Rd7 Qb2+ 26. Kd1 Qb3+ 27.
Ke1 Qc3+ 28. Kd1 Rc8 0-1

[Event "Mercredi 2016.03.30 ABCD"]
[Site "Montreal CAN"]
[Date "2016.03.30"]
[Round "1"]
[White "Lessard, Sylvain"]
[Black "Robidoux, Julien"]
[Result "1-0"]
[WhiteElo "1750"]
[BlackElo "1722"]
[PlyCount "73"]
[EventDate "2016.03.30"]
[EventType "tourn"]
[EventRounds "5"]
[EventCountry "CAN"]

1. c4 e5 2. Nc3 Nf6 3. Nf3 Nc6 4. d4 exd4 5. Nxd4 Bb4 6. Bg5 Bxc3+ 7. bxc3 O-O
8. e3 Qe7 9. Be2 d6 10. Rb1 Re8 11. O-O h6 12. Bh4 g5 13. Bg3 Ne4 14. Qc2 Na5
15. Rb5 b6 16. Bd3 Bb7 17. Rfb1 Rab8 18. Re1 c5 19. Nb3 Ba6 20. Rxa5 bxa5 21.
Nxa5 Nxg3 22. Nc6 Ne2+ 23. Qxe2 Qc7 24. Nxb8 Rxb8 25. Qf3 Bc8 26. h4 Qe7 27.
hxg5 hxg5 28. Qh5 Qf6 29. f4 gxf4 30. exf4 Be6 31. f5 Qxc3 32. Rd1 Qd4+ 33. Kh1
Bd7 34. Bc2 Qf6 35. Qg4+ Qg7 36. Qxg7+ Kxg7 37. Rxd6 1-0

[Event "Mercredi 2016.03.30 ABCD"]
[Site "Montreal CAN"]
[Date "2016.03.30"]
[Round "1"]
[White "Lopez Linares, Lizandro"]
[Black "Cloutier, Mathieu"]
[Result "1-0"]
[WhiteElo "2214"]
[BlackElo "2111"]
[PlyCount "75"]
[EventDate "2016.03.30"]
[EventType "tourn"]
[EventRounds "5"]
[EventCountry "CAN"]

1. d4 Nf6 2. Nf3 c5 3. c3 b6 4. Bf4 Bb7 5. Nbd2 g6 6. e3 Bg7 7. Bd3 O-O 8. O-O
d6 9. Qe2 Nbd7 10. Rfd1 Nh5 11. Bg5 Qe8 12. Bb5 a6 13. Bxd7 Qxd7 14. Nc4 Qc7
15. dxc5 bxc5 16. e4 f5 17. exf5 Rxf5 18. Qxe7 Qxe7 19. Bxe7 Bxf3 20. gxf3 Rxf3
21. Bxd6 Bf8 22. Bg3 Nxg3 23. hxg3 Bg7 24. Re1 Raf8 25. Re2 h5 26. Kg2 h4 27.
Rh1 hxg3 28. fxg3 R3f5 29. Rd1 Bf6 30. Rd6 Rd8 31. Rxa6 Rd3 32. Rf2 Kg7 33. Rd6
Rdd5 34. Rxf5 Rxf5 35. a4 Be7 36. Rd7 Kf8 37. a5 Ke8 38. Rb7 1-0

[Event "Mercredi 2016.03.30 ABCD"]
[Site "Montreal CAN"]
[Date "2016.03.30"]
[Round "1"]
[White "Nunez, Omar"]
[Black "Morin, Louis"]
[Result "1-0"]
[WhiteElo "1933"]
[BlackElo "1932"]
[PlyCount "61"]
[EventDate "2016.03.30"]
[EventType "tourn"]
[EventRounds "5"]
[EventCountry "CAN"]

1. f4 e5 2. fxe5 d6 3. Nf3 Bg4 4. d4 Bxf3 5. exf3 dxe5 6. dxe5 Qxd1+ 7. Kxd1
Nc6 8. Bf4 O-O-O+ 9. Bd3 Nge7 10. Re1 Nd5 11. Bd2 Ndb4 12. Bf5+ Kb8 13. a3 g6
14. Be4 Nd5 15. Bd3 Bg7 16. f4 Nd4 17. Nc3 Nxc3+ 18. bxc3 Nb3 19. cxb3 Rxd3 20.
Kc2 Rd7 21. Rad1 Kc8 22. Be3 Re7 23. Bf2 Rhe8 24. Bh4 Re6 25. Rd2 f6 26. Red1
b6 27. Rd7 Bh6 28. exf6 Re2+ 29. R1d2 Rxd2+ 30. Rxd2 Rf8 31. Bg5 1-0

[Event "Mercredi 2016.03.30 ABCD"]
[Site "Montreal CAN"]
[Date "2016.03.30"]
[Round "1"]
[White "Rondon, Luciano"]
[Black "Nardone, Raul"]
[Result "1-0"]
[WhiteElo "1868"]
[BlackElo "1811"]
[PlyCount "67"]
[EventDate "2016.03.30"]
[EventType "tourn"]
[EventRounds "5"]
[EventCountry "CAN"]

1. d4 Nf6 2. c4 e6 3. Nc3 Bb4 4. Qc2 O-O 5. a3 Bxc3+ 6. Qxc3 b5 7. cxb5 c6 8.
bxc6 Nxc6 9. Nf3 Bb7 10. Bg5 Rc8 11. Qd3 h6 12. Bxf6 Qxf6 13. e4 d6 14. Be2 e5
15. d5 Ne7 16. O-O Qg6 17. Qe3 Rc7 18. Rac1 Rfc8 19. Rxc7 Rxc7 20. Qxa7 Qg4 21.
Qb8+ Qc8 22. Qxc8+ Bxc8 23. Bd3 f5 24. Nd2 Bd7 25. f3 Nc8 26. Nc4 f4 27. Kf2
Kf7 28. Ke2 Ke7 29. Kd2 Na7 30. Nb6 Be8 31. a4 Rb7 32. a5 g5 33. Rc1 h5 34. Ba6
1-0

[Event "Mercredi 2016.03.30 ABCD"]
[Site "Montreal CAN"]
[Date "2016.03.30"]
[Round "1"]
[White "Struben, Jeroen"]
[Black "Dumouchel, Alain"]
[Result "0-1"]
[WhiteElo "1782"]
[BlackElo "1707"]
[PlyCount "62"]
[EventDate "2016.03.30"]
[EventType "tourn"]
[EventRounds "5"]
[EventCountry "CAN"]

1. d4 Nf6 2. c4 g6 3. Nf3 Bg7 4. g3 O-O 5. Bg2 d6 6. O-O Nc6 7. Nc3 e5 8. e4
Bg4 9. d5 Nd4 10. Be3 Ne8 11. Bxd4 exd4 12. Ne2 c5 13. dxc6 bxc6 14. Qd3 c5 15.
Nf4 Rb8 16. Rab1 Kh8 17. Qa3 a5 18. Ne1 h5 19. Ned3 Nc7 20. Rfe1 Re8 21. Ra1
Na6 22. Qa4 Nb4 23. a3 Bd7 24. Qd1 Nxd3 25. Nxd3 a4 26. Qd2 Rb3 27. Rac1 Qb6
28. Rc2 Rb8 29. Re2 Qc7 30. Qf4 Rxd3 31. Qxf7 Rd1+ 0-1

[Event "Mercredi 2016.03.30 ABCD"]
[Site "Montreal CAN"]
[Date "2016.03.30"]
[Round "1"]
[White "Zumsteg, Nicolas"]
[Black "Brassard, Sylvain"]
[Result "1/2-1/2"]
[WhiteElo "1878"]
[BlackElo "1809"]
[PlyCount "108"]
[EventDate "2016.03.30"]
[EventType "tourn"]
[EventRounds "5"]
[EventCountry "CAN"]

1. e4 Nf6 2. e5 Nd5 3. d4 d6 4. Nf3 dxe5 5. Nxe5 c6 6. c3 Nd7 7. f4 Nxe5 8.
fxe5 Bf5 9. Bd3 Be6 10. O-O g6 11. Qe2 Bg7 12. Nd2 O-O 13. Ne4 Bf5 14. Rxf5
gxf5 15. Ng5 e6 16. Qh5 h6 17. Nf3 Qe8 18. Bxh6 f6 19. Qh4 Qg6 20. Bxg7 Kxg7
21. exf6+ Qxf6 22. Qg3+ Qg6 23. Qe5+ Qf6 24. Qg3+ Qg6 25. Qe5+ Kg8 26. Re1 Rae8
27. c4 Nf6 28. Re3 Ng4 29. Qg3 Kf7 30. h3 Qh6 31. Re1 Nf6 32. Ne5+ Ke7 33. Ng6+
Kd7 34. Nxf8+ Rxf8 35. c5 Ne8 36. Bc4 Rf6 37. Qe5 Qg6 38. b4 f4 39. Rf1 f3 40.
Rxf3 Rxf3 41. Bxe6+ Kd8 42. Qb8+ Ke7 43. Qxb7+ Kf8 44. Qxc6 Qb1+ 45. Kh2 Rf1
46. Bc4 Rh1+ 47. Kg3 Qe1+ 48. Kg4 Qd1+ 49. Kh4 Qxd4+ 50. g4 Qh8+ 51. Kg5 Qg7+
52. Kh4 Qh8+ 53. Kg5 Qg7+ 54. Kh4 Qh8+ 1/2-1/2

[Event "Mercredi 2016.03.30 ABCD"]
[Site "Montreal CAN"]
[Date "2016.04.06"]
[Round "2"]
[White "Brassard, Sylvain"]
[Black "Blanchet, Robert"]
[Result "1-0"]
[WhiteElo "1809"]
[BlackElo "1820"]
[PlyCount "37"]
[EventDate "2016.03.30"]
[EventType "tourn"]
[EventRounds "5"]
[EventCountry "CAN"]

1. d4 Nf6 2. Bg5 Ne4 3. Bf4 e5 4. Bxe5 Nc6 5. Nf3 d6 6. Bg3 g5 7. Nbd2 Nxg3 8.
hxg3 g4 9. d5 Nb4 10. Nh4 Nxd5 11. Ne4 Nb4 12. Qd2 d5 13. O-O-O Nxa2+ 14. Kb1
Nb4 15. Qd4 Qe7 16. Nf6+ Kd8 17. Nxd5 Qd6 18. Qxh8 Ke8 19. Nf6+ 1-0

[Event "Mercredi 2016.03.30 ABCD"]
[Site "Montreal CAN"]
[Date "2016.04.06"]
[Round "2"]
[White "Dumouchel, Alain"]
[Black "Lessard, Sylvain"]
[Result "1-0"]
[WhiteElo "1707"]
[BlackElo "1750"]
[PlyCount "59"]
[EventDate "2016.03.30"]
[EventType "tourn"]
[EventRounds "5"]
[EventCountry "CAN"]

1. e4 Nf6 2. e5 Nd5 3. d4 d6 4. c4 Nb6 5. exd6 exd6 6. Nc3 Be7 7. Bd3 Nc6 8.
Nge2 Bg4 9. f3 Bh5 10. b3 Bf6 11. Be3 Qe7 12. Qd2 Bxd4 13. Nxd4 Nxd4 14. O-O
Ne6 15. Rae1 O-O 16. f4 f5 17. a4 Rae8 18. Qf2 Qd8 19. a5 Nd7 20. Bxa7 Ndc5 21.
Bc2 Qa8 22. Bxc5 Nxc5 23. b4 Na6 24. Nd5 c6 25. Ne7+ Kh8 26. Qd2 Qd8 27. Nxf5
Bg6 28. Nxd6 Rxe1 29. Rxe1 Bxc2 30. Nf7+ 1-0

[Event "Mercredi 2016.03.30 ABCD"]
[Site "Montreal CAN"]
[Date "2016.04.06"]
[Round "2"]
[White "Gates, Claude-Eric"]
[Black "Struben, Jeroen"]
[Result "0-1"]
[WhiteElo "1794"]
[BlackElo "1782"]
[PlyCount "72"]
[EventDate "2016.03.30"]
[EventType "tourn"]
[EventRounds "5"]
[EventCountry "CAN"]

1. e4 d6 2. d4 Nf6 3. Nc3 g6 4. Nf3 Bg7 5. h3 O-O 6. Be3 c6 7. a4 Qa5 8. Bd3
Na6 9. O-O c5 10. Nd2 cxd4 11. Nb3 Qd8 12. Bxd4 Nb4 13. Be2 e5 14. Be3 b6 15.
Qd2 d5 16. Rfd1 d4 17. Qc1 Qe7 18. a5 dxe3 19. fxe3 Bb7 20. Bf3 Rfd8 21. Re1
Rac8 22. Re2 h5 23. Ra4 Ba6 24. Rf2 b5 25. Ra1 Nd3 26. cxd3 b4 27. d4 bxc3 28.
bxc3 Bh6 29. Qe1 Nd7 30. Nc1 Qg5 31. Be2 Qxe3 32. Kh1 Bxe2 33. Nxe2 Qd2 34. Qb1
Rb8 35. Qa2 Qxa2 36. Rxa2 Rb1+ 0-1

[Event "Mercredi 2016.03.30 ABCD"]
[Site "Montreal CAN"]
[Date "2016.04.08"]
[Round "2"]
[White "Have, Didier"]
[Black "Jacquet, Stephane"]
[Result "1/2-1/2"]
[WhiteElo "2044"]
[BlackElo "2017"]
[PlyCount "72"]
[EventDate "2016.03.30"]
[EventType "tourn"]
[EventRounds "5"]
[EventCountry "CAN"]

1. c4 e6 2. Nf3 Nf6 3. Nc3 d5 4. e3 Be7 5. b3 O-O 6. Bb2 b6 7. Qc2 Bb7 8. h4 c5
9. Bd3 d4 10. Ne2 Nc6 11. a3 e5 12. Ng3 Re8 13. Ng5 h6 14. Bh7+ Kf8 15. Bg6 d3
16. Bxd3 e4 17. N5xe4 Nxe4 18. Bxe4 Bxh4 19. Rxh4 Nd4 20. Bxd4 cxd4 21. Bxb7
Qxh4 22. Bxa8 dxe3 23. O-O-O exf2 24. Nf5 Qf6 25. Bf3 Re1 26. Ne3 Qa1+ 27. Qb1
Qxa3+ 28. Qb2 Qc5 29. Nf1 b5 30. d4 Qb4 31. Qxf2 Re8 32. Bd5 Qc3+ 33. Qc2 Qa1+
34. Kd2 Qxd4+ 35. Kc1 Qa1+ 36. Kd2 Qd4+ 1/2-1/2

[Event "Mercredi 2016.03.30 ABCD"]
[Site "Montreal CAN"]
[Date "2016.04.06"]
[Round "2"]
[White "Heredia, Jose"]
[Black "Nunez, Omar"]
[Result "1/2-1/2"]
[WhiteElo "1922"]
[BlackElo "1933"]
[PlyCount "22"]
[EventDate "2016.03.30"]
[EventType "tourn"]
[EventRounds "5"]
[EventCountry "CAN"]

1. d4 c5 2. c3 cxd4 3. cxd4 d5 4. Nf3 Nc6 5. Nc3 Nf6 6. e3 g6 7. h3 Bg7 8. Bd3
O-O 9. O-O Bd7 10. Re1 a6 11. a3 Qc7 1/2-1/2

[Event "Mercredi 2016.03.30 ABCD"]
[Site "Montreal CAN"]
[Date "2016.04.06"]
[Round "2"]
[White "Langlois-Remillard, Alexis"]
[Black "Morin, Louis"]
[Result "1-0"]
[WhiteElo "1909"]
[BlackElo "1932"]
[PlyCount "53"]
[EventDate "2016.03.30"]
[EventType "tourn"]
[EventRounds "5"]
[EventCountry "CAN"]

1. b3 e5 2. Bb2 Nc6 3. e3 d5 4. Bb5 Bd6 5. f4 Qh4+ 6. g3 Qe7 7. Nf3 f6 8. Bxc6+
bxc6 9. fxe5 fxe5 10. Nxe5 Nf6 11. Nxc6 Qe4 12. O-O Bh3 13. Rf2 Ng4 14. Rf3 Rf8
15. Nd4 Ne5 16. Rxf8+ Kxf8 17. Qe2 Kg8 18. Nc3 Qg6 19. Nxd5 Bg4 20. Nf4 Qh6 21.
Qg2 Rf8 22. Rf1 Kh8 23. Qd5 g5 24. Nde6 gxf4 25. Bxe5+ Bxe5 26. Qxe5+ Rf6 27.
Rxf4 1-0

[Event "Mercredi 2016.03.30 ABCD"]
[Site "Montreal CAN"]
[Date "2016.04.06"]
[Round "2"]
[White "Lebeau, Gilbert"]
[Black "Tremblay, Alain"]
[Result "0-1"]
[WhiteElo "2061"]
[BlackElo "2184"]
[PlyCount "86"]
[EventDate "2016.03.30"]
[EventType "tourn"]
[EventRounds "5"]
[EventCountry "CAN"]

1. d4 g6 2. c4 Bg7 3. g3 Nf6 4. Bg2 O-O 5. Nf3 d6 6. O-O Nc6 7. Nc3 a6 8. d5
Na5 9. Nd2 c5 10. Qc2 Rb8 11. b3 b5 12. Bb2 Bd7 13. Rab1 bxc4 14. bxc4 Qc7 15.
Nce4 Rxb2 16. Rxb2 Nxe4 17. Bxe4 Bxb2 18. Qxb2 Rb8 19. Qc2 Rb4 20. h4 Bg4 21.
f3 Bh3 22. Rf2 Qb6 23. h5 Rb2 24. Qd3 Qb4 25. e3 f5 26. hxg6 hxg6 27. a3 Qa4
28. Qc3 Rxd2 29. Rxd2 fxe4 30. Kh2 Bc8 31. Rc2 exf3 32. e4 Bd7 33. Rc1 Nb3 34.
Re1 Nd4 35. e5 dxe5 36. Rxe5 f2 37. Kg2 f1=Q+ 38. Kxf1 Qd1+ 39. Re1 Bh3+ 40.
Kf2 Qg4 41. Qe3 Qf5+ 42. Qf4 Qc2+ 43. Ke3 Nf5+ 0-1

[Event "Mercredi 2016.03.30 ABCD"]
[Site "Montreal CAN"]
[Date "2016.04.06"]
[Round "2"]
[White "Lopez Linares, Lizandro"]
[Black "Boudreau, Daniel"]
[Result "1/2-1/2"]
[WhiteElo "2214"]
[BlackElo "2109"]
[PlyCount "110"]
[EventDate "2016.03.30"]
[EventType "tourn"]
[EventRounds "5"]
[EventCountry "CAN"]

1. d4 Nf6 2. Nf3 e6 3. Bg5 c5 4. e3 Nc6 5. Nbd2 d5 6. c3 h6 7. Bh4 Qb6 8. Qc2
Bd6 9. Bd3 Bd7 10. O-O Rc8 11. a3 a5 12. Bg3 Bxg3 13. hxg3 O-O 14. Rfe1 Rfe8
15. Rac1 Ng4 16. Qb1 c4 17. Be2 f5 18. b3 cxb3 19. Nxb3 Qc7 20. c4 dxc4 21.
Bxc4 Kh7 22. Nc5 Rb8 23. Nxd7 Qxd7 24. Bb5 Qd6 25. Rc5 Red8 26. Bxc6 bxc6 27.
Qc2 Rb5 28. Rxc6 Qxa3 29. Qc4 Qb3 30. Nd2 Qb2 31. Rd1 Re8 32. Qd3 Rd5 33. Rb1
Qa2 34. f3 Nf6 35. e4 Rdd8 36. Nf1 Rxd4 37. Qxd4 Qxb1 38. Rc7 e5 39. Qa7 Rg8
40. exf5 Nh5 41. f6 Nxf6 42. Qxa5 Rb8 43. Qxe5 Qb6+ 44. Kh2 Re8 45. Qf5+ Kh8
46. Rc8 Rxc8 47. Qxc8+ Kh7 48. Qc2+ Kh8 49. Nd2 Qe6 50. Nc4 Qc6 51. Qe2 Qd5 52.
Ne5 Kg8 53. Qb2 Nd7 54. Ng4 Qh5+ 55. Kg1 Qc5+ 1/2-1/2

[Event "Mercredi 2016.03.30 ABCD"]
[Site "Montreal CAN"]
[Date "2016.04.06"]
[Round "2"]
[White "Millette, Sylvain"]
[Black "Robidoux, Julien"]
[Result "0-1"]
[WhiteElo "1711"]
[BlackElo "1722"]
[PlyCount "44"]
[EventDate "2016.03.30"]
[EventType "tourn"]
[EventRounds "5"]
[EventCountry "CAN"]

1. e4 e6 2. g3 d5 3. Bg2 Nf6 4. e5 Nfd7 5. d4 c5 6. c3 Nc6 7. Ne2 cxd4 8. cxd4
Bb4+ 9. Bd2 Qb6 10. Bxb4 Qxb4+ 11. Qd2 Qxd2+ 12. Nxd2 Nb4 13. O-O b6 14. a3 Ba6
15. Bf3 Bxe2 16. Bxe2 Nc2 17. Rac1 Nxd4 18. Ba6 Nc5 19. Bc8 Ne2+ 20. Kg2 Nxc1
21. Rxc1 Rxc8 22. b4 Kd7 0-1